| LEADER | 03820nam a2200829 i 4500 | ||
|---|---|---|---|
| 001 | 313396 | ||
| 003 | CZ PrSKC | ||
| 005 | 20260601215741.0 | ||
| 007 | ta | ||
| 008 | 231122s2023 xr a g 000 f cze | ||
| 015 | |a cnb003575159 | ||
| 020 | |a 9788076618732 |q (brožováno) : |c Kč 399,00 | ||
| 035 | |a (OCoLC)1420608359 | ||
| 040 | |a ABG001 |b cze |d ABA001 |e rda | ||
| 072 | 7 | |a 821.162.3-3 |x Česká próza |2 Konspekt | |
| 080 | |a 821.162.3-31 |2 MRF | ||
| 080 | |a (0:82-312.9) |2 MRF | ||
| 100 | 1 | |a Starý, Radek, |d 1992- |7 xx0261079 |4 aut | |
| 245 | 1 | 0 | |a Arila. |p Pád temnoty / |c Radek "Sterakdary" Starý |
| 246 | 3 | 0 | |a Pád temnoty |
| 250 | |a 1. vydání | ||
| 264 | 1 | |a V Praze : |b CooBoo, |c 2023 | |
| 300 | |a 309 stran : |b ilustrace ; |c 20 cm | ||
| 336 | |a text |b txt |2 rdacontent | ||
| 337 | |a bez média |b n |2 rdamedia | ||
| 338 | |a svazek |b nc |2 rdacarrier | ||
| 520 | 2 | |a Čtvrtý díl fantasy románu o věčně putujícím národu. |b Vítězství v Citadele získalo všem drahocenný čas, během nějž se svět Aldonolu připravoval na příchod nevyhnutelného. Ale vypůjčený čas vypršel. Temnota z oblohy padla na lidský svět a bohové jdou do války. Arila si konečně přizná skutečný rozsah svých sil a zjistí, jestli je za ně připravena zaplatit krutou cenu. Sestoupí přízraky z nebes, nebo se pád temnoty ponese ve znamení jejich porážky? Nakladatelská anotace. | |
| 546 | |a Český text | ||
| 655 | 7 | |a české romány |7 fd133974 |2 czenas | |
| 655 | 7 | |a fantasy romány |7 fd184199 |2 czenas | |
| 655 | 9 | |a Czech fiction |2 eczenas | |
| 655 | 9 | |a fantasy novels |2 eczenas | |
| 787 | 0 | 8 | |i Z cyklu: |t Arila |g 4 |
| 900 | |a ABA001 |b 20 | ||
| 928 | 9 | |a Albatros Media - CooBoo | |
| 044 | |a xr | ||
| 505 | 0 | 0 | |t 00 - Prolog (5 min., 21 sek.) |
| 505 | 0 | 0 | |t 01 - Kapitola I. (29 min., 54 sek.) |
| 505 | 0 | 0 | |t 02 - Kapitola II. (46 min., 0 sek.) |
| 505 | 0 | 0 | |t 03 - Kapitola III. (32 min., 28 sek.) |
| 505 | 0 | 0 | |t 04 - Kapitola IV. (28 min., 23 sek.) |
| 505 | 0 | 0 | |t 05 - Kapitola V. (19 min., 19 sek.) |
| 505 | 0 | 0 | |t 06 - Kapitola VI. (32 min., 41 sek.) |
| 505 | 0 | 0 | |t 07 - Kapitola VII. (20 min., 36 sek.) |
| 505 | 0 | 0 | |t 08 - Kapitola VIII. (19 min., 50 sek.) |
| 505 | 0 | 0 | |t 09 - Kapitola IX. (13 min., 20 sek.) |
| 505 | 0 | 0 | |t 10 - Kapitola X. (16 min., 44 sek.) |
| 505 | 0 | 0 | |t 11 - Kapitola XI. (20 min., 48 sek.) |
| 505 | 0 | 0 | |t 12 - Kapitola XII. (12 min., 4 sek.) |
| 505 | 0 | 0 | |t 13 - Kapitola XIII. (18 min., 10 sek.) |
| 505 | 0 | 0 | |t 14 - Kapitola XIV. (12 min., 45 sek.) |
| 505 | 0 | 0 | |t 15 - Kapitola XV. (18 min., 23 sek.) |
| 505 | 0 | 0 | |t 16 - Kapitola XVI. (21 min., 54 sek.) |
| 505 | 0 | 0 | |t 17 - Kapitola XVII. (23 min., 54 sek.) |
| 505 | 0 | 0 | |t 18 - Kapitola XVIII. (16 min., 17 sek.) |
| 505 | 0 | 0 | |t 19 - Kapitola XIX. (20 min., 47 sek.) |
| 505 | 0 | 0 | |t 20 - Kapitola XX. (19 min., 2 sek.) |
| 505 | 0 | 0 | |t 21 - Kapitola XXI. (18 min., 22 sek.) |
| 505 | 0 | 0 | |t 22 - Kapitola XXII. (18 min., 39 sek.) |
| 505 | 0 | 0 | |t 23 - Kapitola XIII. (23 min., 6 sek.) |
| 505 | 0 | 0 | |t 24 - Kapitola XXIV. (14 min., 18 sek.) |
| 505 | 0 | 0 | |t 25 - Kapitola XXV. (23 min., 6 sek.) |
| 505 | 0 | 0 | |t 26 - Kapitola XVI. (18 min., 53 sek.) |
| 505 | 0 | 0 | |t 27 - Kapitola XXVII. (18 min., 17 sek.) |
| 505 | 0 | 0 | |t 28 - Kapitola XXVIII. (20 min., 0 sek.) |
| 505 | 0 | 0 | |t 29 - Kapitola XXIX. (45 min., 42 sek.) |
| 505 | 0 | 0 | |t 30 - Kapitola XXX. (15 min., 15 sek.) |
| 505 | 0 | 0 | |t 31 - Kapitola XXXI. (5 min., 45 sek.) |
| 505 | 0 | 0 | |t 32 - Epilog (11 min., 26 sek.) |
| 910 | |a RBIT002 | ||
| 998 | |d 417185 |a https://core.palmknihy.cz/api/books/417185/cover?sr4rfq |b https://core.palmknihy.cz/api/books/417185/cover/400?sr4rfq |c https://core.palmknihy.cz/api/books/417185/cover/50?sr4rfq |e 2033-12-31 |i 9788076618732 |l 40920 |q 49 |r 1 |s https://www.palmknihy.cz/kniha/417185 |t audiobook |y 2025 |z 0 |v Arila |w 4 | ||
| 999 | |d 313394 | ||